| 000 | 00768nam a22002535i 4500 | ||
|---|---|---|---|
| 001 | 175829 | ||
| 003 | ES-MaACL | ||
| 005 | 20240430105750.0 | ||
| 008 | 101124s1976 sp |||| | spa d | ||
| 020 | _a8426427049 | ||
| 080 | _a821.112.2-14"18" | ||
| 100 | 0 |
_aHeine, Heinrich. _962371 |
|
| 245 | 1 | 0 |
_aPoemas / _cHeinrich Heine ; selección y traducción Feliu Formosa ; dibujos de Todó. |
| 250 | _a1ª ed. | ||
| 260 |
_aBarcelona : _bLumen, _c1976. |
||
| 300 |
_a104, [5] p. ; _c21 cm. |
||
| 490 | 1 |
_aEl bardo ; _v104 |
|
| 700 | 1 |
_aFormosa, Feliu, _d1934- _951759 |
|
| 700 | 1 |
_aTodó. _9144056 |
|
| 830 | 0 |
_aEl Bardo (Batlló, José) ; _v104 _9235922 |
|
| 852 |
_aES-MaACL _jE-13654 _xOlim P-361-Ter |
||
| 942 | _2udc | ||
| 999 |
_c175829 _d175829 |
||